| 000 | 00675cam a22002413a 4500 | ||
|---|---|---|---|
| 001 | 17416 | ||
| 003 | PGUSA | ||
| 005 | 20140828083354.0 | ||
| 008 | 051230s2005||||xxu|||||s|||||000 | eng d | ||
| 040 |
_aPGUSA _beng |
||
| 042 | _adc | ||
| 050 | 4 | _aHX | |
| 100 | 1 |
_aMallock, W. H. _q(William Hurrell), _d1849-1923 |
|
| 245 | 1 | 2 |
_aA Critical Examination of Socialism _h[electronic resource] / _cW. H. Mallock |
| 260 |
_bProject Gutenberg, _c2005 |
||
| 506 | _aPublic domain in the USA. | ||
| 516 | _aElectronic text | ||
| 653 | _aSocialism | ||
| 653 | _aCommunism | ||
| 830 | 0 |
_aProject Gutenberg _v17416 |
|
| 856 | 4 | 0 | _uhttp://www.gutenberg.org/ebooks/17416 |
| 942 | _cEB | ||
| 999 |
_c246671 _d246671 |
||